000 00571nam a2200229Ia 4500
003 OSt
005 20220924142826.0
006 a|||||r|||| 00| 0
007 ta
008 ASM
024 _a303436
037 _cTextual
040 _aARTS
_cARTS
_bASM
041 _2ASM
_aASM
082 _aO158,1N76w, N8
100 _aGosswami Peaphulladatta
_9214137
245 0 _aMonor pokhi ubhoti use
260 _c1998
650 _aASSAMESE LITERATURE
_911738
942 _hO158,1N76w, N8
_cTEXL
_2CC
999 _c452093
_d452093